<?xml version="1.0" encoding="UTF-8"?>
<record
    xmlns:xsi="http://www.w3.org/2001/XMLSchema-instance"
    xsi:schemaLocation="http://www.loc.gov/MARC21/slim http://www.loc.gov/standards/marcxml/schema/MARC21slim.xsd"
    xmlns="http://www.loc.gov/MARC21/slim">

  <leader>00962nam a2200205 i 4500</leader>
  <controlfield tag="001">184811</controlfield>
  <controlfield tag="003">ES-MaACL</controlfield>
  <controlfield tag="005">20251003180409.0</controlfield>
  <controlfield tag="008">160120s2007    sp           |||| |bspa d</controlfield>
  <datafield tag="080" ind1=" " ind2=" ">
    <subfield code="a">929 Lia&#xF1;o, &#xC1;lvaro Agust&#xED;n de</subfield>
  </datafield>
  <datafield tag="100" ind1="1" ind2=" ">
    <subfield code="a">Vilar, Juan Bautista, </subfield>
    <subfield code="d">1941-2018</subfield>
    <subfield code="9">114797</subfield>
  </datafield>
  <datafield tag="245" ind1="1" ind2="3">
    <subfield code="a">El largo exilio en Alemania y Suiza (1814-1848) del bibli&#xF3;filo y cr&#xED;tico literario &#xC1;lvaro Agust&#xED;n de Lia&#xF1;o, emigrado liberal y disidente religioso /</subfield>
    <subfield code="c">Juan B. Vilar.</subfield>
  </datafield>
  <datafield tag="260" ind1=" " ind2=" ">
    <subfield code="a">Murcia : </subfield>
    <subfield code="b">Editum.</subfield>
  </datafield>
  <datafield tag="300" ind1=" " ind2=" ">
    <subfield code="a">P. 423-432 ; </subfield>
    <subfield code="c">24 cm.</subfield>
  </datafield>
  <datafield tag="504" ind1=" " ind2=" ">
    <subfield code="a">Referencias bibliogr&#xE1;ficas.</subfield>
  </datafield>
  <datafield tag="595" ind1=" " ind2=" ">
    <subfield code="a">Separata de: Historia y sociabilidad : homenaje a la profesora Mar&#xED;a del Carmen Melendreras Gimeno / Juan B. Vilar, Antonio Pe&#xF1;afiel Ram&#xF3;n, Antonio Irigoyen L&#xF3;pez (coords.)</subfield>
  </datafield>
  <datafield tag="600" ind1="1" ind2="7">
    <subfield code="a">Lia&#xF1;o, Alvaro Augustin de, </subfield>
    <subfield code="d">1782-1848</subfield>
    <subfield code="2"></subfield>
    <subfield code="9">158529</subfield>
  </datafield>
  <datafield tag="852" ind1=" " ind2=" ">
    <subfield code="a">ES-MaACL</subfield>
    <subfield code="j">2139-F-18 </subfield>
    <subfield code="z">. - Dedicatoria aut&#xF3;grafa del autor</subfield>
  </datafield>
  <datafield tag="999" ind1=" " ind2=" ">
    <subfield code="c">184811</subfield>
    <subfield code="d">184811</subfield>
  </datafield>
  <datafield tag="952" ind1=" " ind2=" ">
    <subfield code="0">0</subfield>
    <subfield code="1">0</subfield>
    <subfield code="4">0</subfield>
    <subfield code="7">0</subfield>
    <subfield code="8">Colecci&#xF3;n_de_folletos</subfield>
    <subfield code="a">ATENEOM</subfield>
    <subfield code="b">ATENEOM</subfield>
    <subfield code="c">DEPOF</subfield>
    <subfield code="d">2016-01-20</subfield>
    <subfield code="e">DON</subfield>
    <subfield code="l">0</subfield>
    <subfield code="o">2139-F-18</subfield>
    <subfield code="p">1194620</subfield>
    <subfield code="r">2023-02-23 00:00:00</subfield>
    <subfield code="w">2023-02-23</subfield>
    <subfield code="y">FOLLETOS</subfield>
  </datafield>
</record>
